00697nam a2200241 a 4500001001300000003000900013005001700022008004100039020001100080082001900091100002700110245003100137260004200168300000900210500003500219505001300254650001600267700002700283902000800310942000700318952011500325999001500440nice12345678IN_TiNIC20260116011902.0050524s1959 alia grp 000 0 urd  ac3.7500a891.4391bAZA1 aAzmi, Khleel-Ur-Rahman aMuqaddama-E-Kalam-E-Aatish aAligarhbAnjuman Taraqqi-E-Urduc1959 a175p aincludes index and biblioraphy2 aAppendix aUrdu-Poetry1 aAzmi, Khleel-Ur-Rahman bSRS cBK 001040708StackRoom-aHMIbHMId2007-06-22g3.75l0o891.4391 AZA1p05633r2007-06-22v3.75w2005-05-24yBK c4712d4712